| 000 | 00000nas 2200000za 4500 |
| 001 | 9.842298 |
| 003 | CaOODSP |
| 005 | 20221107152308 |
| 007 | cr ||||||||||| |
| 008 | 170823d19771979oncar p oss f0###b0fre|d |
| 022 | |y0318-3130|y0382-2648|y0317-770X |
| 040 | |aCaOODSP|bfre |
| 043 | |an-cn--- |
| 086 | 1 |aCS11-204F-PDF |
| 110 | 1 |aCanada. |bStatistique Canada. |bDivision de l'assistance-utilisateurs. |
| 245 | 00|aCatalogue |h[ressource électronique] / |cStatistique Canada, Division de l'assistance-utilisateurs. |
| 246 | 10|aCatalogue de Statistique Canada |
| 260 | |a[Ottawa] : |bStatistique Canada, |c[1976-1979] |
| 310 | |aAnnuel |
| 362 | 0 |a1976/77-1978/79. |
| 500 | |aPubli. aussi en anglais sous le titre : Statistics Canada catalogue. |
| 515 | |aLa livr. de 1977/78 n'a pas été publiée. |
| 525 | |aComporte un suppl. |
| 692 | 07|2gccst|aStatistique |
| 692 | 07|2gccst|aÉdition |
| 775 | 08|tStatistics Canada catalogue |w(CaOODSP)9.842286 |
| 780 | 00|tStatistics Canada catalogue |w(CaOODSP)9.842289 |
| 785 | 00|tStatistique Canada catalogue |w(CaOODSP)9.842305 |